| 000 | 01171nam a2200229Ii 4500 | ||
|---|---|---|---|
| 003 | JO-AjNU | ||
| 008 | 230605s9999||||xx |||||||||||||| ||und|| | ||
| 017 | _a2017/5/2590 | ||
| 020 | _a978-9957-616-91-5 | ||
| 040 |
_aJO-AjNU _bara _erda _cJO-AjNU |
||
| 041 | _aara | ||
| 050 | 1 | 4 | _aHQ1237.J865.2018 |
| 100 | 3 |
_a جوني، احمد عبد الكاظم واخرون، م.مشارك مرسلينا شعبان حسن، م.مشارك علي عبدالرحيم صالح، م.مشارك نغم هادي حسين، م.مشارك حسام محمد منشد، م.مشارك زينة علي صالح الرحيم, _eauthor _961502 |
|
| 245 | 0 | 0 | _aالتحرش الجنسي: مفهومه-اسباسه-علاجه=(Concept-Causes- Treatment)Sexual Harassment |
| 250 | _aالطبعة الاولى | ||
| 264 | 3 | 1 | _aعمان: دار صفاء للنشر والتوزيع، 2018 |
| 300 |
_a223ص _b ويحتوي على قائمة مراجع من ص220-ص223 |
||
| 336 |
_atext _btxt _2rdacontent |
||
| 337 |
_aunmediated _bn _2rdamedia |
||
| 338 |
_avolume _bnc _2rdacarrier |
||
| 650 | 4 |
_aالجرائم الجنسية-علم النفس- المشاكل الاجتماعية _961503 |
|
| 999 |
_aA27803 _c31371 _d31371 |
||